Ancient Rome Tile Select - Statistics

General Stats
  • This quiz has been taken 29 times
  • The average score is 29 of 45
Answer Stats
Question Tile Select % Correct
nations/tribes conquered or absorbed by the Romans Gauls Yes
95%
nations/tribes conquered or absorbed by the Romans Carthage Yes
90%
nations/tribes conquered or absorbed by the Romans Egypt Yes
90%
Roman emperors Romulus No
90%
groups which sacked Rome Avars No
86%
groups which sacked Rome Greeks No
86%
Roman emperors Hadrian Yes
86%
cities founded by the Romans Jaffa No
86%
Roman emperors Gaius Marius No
81%
Roman emperors Marcus Aurelius Yes
81%
nations/tribes conquered or absorbed by the Romans Picts No
81%
nations/tribes conquered or absorbed by the Romans Suebi No
81%
groups which sacked Rome Vandals Yes
81%
groups which sacked Rome Visigoths Yes
81%
cities founded by the Romans Barcelona No
76%
nations/tribes conquered or absorbed by the Romans Dacia Yes
76%
groups which sacked Rome Etruscans No
76%
consuls of the Republic Gaius Carrinas No
76%
nations/tribes conquered or absorbed by the Romans Macedonia Yes
76%
Roman emperors Aurelian Yes
71%
consuls of the Republic Gaius Vetilius No
71%
cities founded by the Romans London Yes
71%
nations/tribes conquered or absorbed by the Romans Persia No
71%
groups which sacked Rome Saxons No
71%
nations/tribes conquered or absorbed by the Romans Vandals No
71%
consuls of the Republic Pompey Magnus Yes
67%
cities founded by the Romans Cologne Yes
62%
Roman emperors Julius Caesar No
62%
cities founded by the Romans Marseille No
62%
cities founded by the Romans Taranto No
62%
Roman emperors Elagabalus Yes
52%
groups which sacked Rome Ostrogoths Yes
52%
consuls of the Republic Scipio Africanus Yes
52%
cities founded by the Romans Florence Yes
48%
Roman emperors Justinian No
48%
consuls of the Republic Gaius Gracchus No
38%
groups which sacked Rome Huns No
38%
consuls of the Republic (Marcus) Junius Brutus No
38%
consuls of the Republic (Quintus) Cassius Longinus No
38%
Roman emperors Claudius Gothicus Yes
33%
groups which sacked Rome Gauls Yes
33%
cities founded by the Romans Milan No
29%
cities founded by the Romans Byzantium No
19%
consuls of the Republic Calpurnius Bibilus Yes
19%
consuls of the Republic Aurelius Cotta Yes
10%
No matching quizzes found
Score Distribution
Percent of People with Each Score
Percentile by Number Answered
Your Score History
You have not taken this quiz